000
00193 a2200097 4500
001
4644
100
_a
Hill,d
245
_a
Instruction in rowing
260
_a
_b
Museum
_c
090
_c
3838
_d
3838
942
_a
NUST-CAE
_c
M
_c
30087
999
_c
239717
_d
239717